LEADER 01255nam a2200301 a 4500 001 000000128829 003 CaOOAMICUS 005 20120511140619.0 008 120511s2011 it u000 u ita r 020 $z978-888-9241530* 040 $aPUL$bita 082 04$a268 100 1 $aZenezini, Renato.$0(OLS)http://pul/name/82450 245 13$aIl primo annuncio fondamento della teologia pratica :$bprospettive per la situazione italiana /$cRenato Zenezini. 260 $aBologna :$bPardes,$c©2011. 300 $a251 p. ;$c24 cm 490 1 $aMappe ;$v15 504 $aInclude riferimenti bibliografici. 650 4$aCatechesi$zItalia.$0(OLS)http://pul/subject/25930 830 0$aMappe ;$v15.$0(OLS)http://pul/title/162793 850 $aPUL 852 $aPUL$W1$xDP2 Religione 3$y114$m268 ZENRE 1$j149169$qDDC 21$B147734$CPULBib$Z2$F147734 $H119058 $82 941 1 $a9 996 $6020$z978-888-9241530*$9(OLS)http://pul/number/149636 996 $6082$a268$9(OLS)http://pul/classification/662 996 $6245$aIl primo annuncio fondamento della teologia pratica :$bprospettive per la situazione italiana$9(OLS)http://pul/title/162792 996 $6260$aBologna :$bPardes$9(OLS)http://pul/publisher/79875 LEADER 01463nam a2200289 a 4500 001 000000158316 003 CaOOAMICUS 005 20170127135708.0 008 170127s2016 it frm z000 u eng r 032 $aLibriCat 040 $aPUL$bita 100 1 $aKizewski, Justin James.$0(OLS)http://pul/name/101093 245 10$aGod- talk: $bthe patristic patrimony of medieval analogy in Theology /$cJustin James Kizewski. 260 $aRoma :$b[s.n.],$c2016. 300 $a336 p.;$c24 cm 502 $aEstratto da Tesi di Dottorato--Facoltą di Teologia --Pontificia Universitą Gregoriana, 2016. 504 $aBibliografia: p.[303]-329. 600 14$aDuns Scotus, Iohannes,$cb.,$d1266-1308$xCritica e interpretazione.$0(OLS)http://pul/subject/4851 600 04$aBonaventura,$cs., card.,$dc. 1217-1274$xTeologia.$0(OLS)http://pul/subject/24135 600 04$aThomas Aquinas,$cs.,$dc. 1225-1274$tIn quatuor libros Sententiarum P. Lombardi$xCritica ed interpretazione.$0(OLS)http://pul/subject/34861 710 2 $aPontificia Universitą Gregoriana.$bFacoltą di teologia.$kTesi.$0(OLS)http://pul/name/81592 850 $aPUL 852 $aPUL$W1$xDP1 Tesi Pon. Univ. Gregoriana$y40$m2016 B 16$j159693$qTesi$B184796$CPULBib$Z2$F184796 $82 941 1 $a16 996 $6245$aGod- talk: $bthe patristic patrimony of medieval analogy in Theology$9(OLS)http://pul/title/197938 996 $6260$aRoma :$b[s.n.]$9(OLS)http://pul/publisher/47958